Gestão do Capital Inteletual como Estrategia Para o Desenvolvimento da Administraçao Publica -Estudos de Caso Administração Municipal da Baia Farta-Benguela (Record no. 2221)

MARC details
000 -Etiqueta do registo
Campo de controlo de comprimento fixo 00491 a2200145 4500
020 ## - ISBN (NÚMERO DE LIVRO PADRÃO INTERNACIONAL)
ISBN N/S
040 ## - Fonte de Catalogação
Agência de catalogação Biblioteca de Posgraduação- Universidade Lusíada de Angola
082 ## - DEWEY DECIMAL CLASSIFICATION NUMBER
Número de classificação 658.3
100 ## - Nome Pessoal
9 (RLIN) 1047
Autor NETO,Felismina da Conceiȯ̂
245 ## - Declaração de Título
Título Gestô do Capital Inteletual como Estrategia Para o Desenvolvimento da Administraȧo Publica -Estudos de Caso Administraȯ̂ Municipal da Baia Farta-Benguela
260 ## - Publicação e Destribuíção
Local de edição/distribuição Luanda,
Editor/distribuidor Universidade Lusiada
Data de edição/distribuição 2024.
300 ## - Descrição Física
Nº Pág. 98p
650 ## - MATERIA
MATERIA Gestô de Recursos Humanos
942 ## - - Elementos de entrada adicionados (koha)
Tipo de documento Dissertações de Grado e Mestrado
Holdings
Withdrawn status Lost status Source of classification or shelving scheme Damaged status Not for loan Permanent Location Current Location Date acquired Inventory number Total Checkouts Full call number Barcode Date last seen Price effective from Koha item type
    Dewey Decimal Classification     Biblioteca Geral- Universidade Lusíada de Angola Biblioteca Geral- Universidade Lusíada de Angola 23/04/2026 13(1)   658.3 2026-0135 23/04/2026 23/04/2026 Dissertações de Grado e Mestrado
    Dewey Decimal Classification     Biblioteca Geral- Universidade Lusíada de Angola Biblioteca Geral- Universidade Lusíada de Angola 23/04/2026 13(1)   658.3 2026-0136 23/04/2026 23/04/2026 Dissertações de Grado e Mestrado